000
00313nam a22001337a 4500
008
171221b xxu||||| |||| 00| 0 eng d
020
_a
9780945700043
041
_a
eng
080
_a
37
100
_a
46
101
_a
EDU
245
_a
THE UNDERGROUND HISTORY OF AMERICAN EDUCATION
_c
GATTO,J,T
942
_2
udc
_c
BK
999
_c
39290
_d
39290